000 00404nam a2200157Ia 4500
008 230312s9999||||xx |||||||||||||| ||und||
020 _a81-8448-134
082 _a572
_bCHA-M
100 _aChatterjea, MN
245 0 _aTextbook of Medical Biochemistry
260 _bJaypee Brothers Medical Pub Ltd
_aNew Delhi
_c2008
300 _a809
546 _aEng.
650 _aMedical
_vBiochemistry
942 _cBK
999 _c4239
_d4239